000 00709nam a2200253 a 4500
001 66821
003 BD-RjUL
005 20211209081600.0
008 170320s1978 xxua b 001 0 eng d
020 _a0471682616
035 _a(BD-RjUL)66952
040 _aDLC
_beng
_cDLC
_dBD-RjUL
041 _aeng
082 0 0 _a622.1
_bPEE 1987
_223
100 1 _aPeters, William C.
_942659
245 1 0 _aExploration and mining geology /
_cWilliam C. Peters
260 _aNew York :
_bJ. Wiley,
_cc1978.
300 _axxiii, 696 p. :
_bill. ;
_c24 cm
504 _aIncludes bibliography and index.
650 0 _aMining geology
_942660
650 0 _aProspecting
_942661
650 0 _aPeters
_942662
942 _2ddc
_cBK
999 _c66821
_d66821